header

Design of high-speed communication circuits (Record no. 120123)

MARC details
000 -LEADER
fixed length control field 01359nam a2200349Ia 4500
082 04 - DEWEY DECIMAL CLASSIFICATION NUMBER
Classification number 621.3192
245 00 - TITLE STATEMENT
Title Design of high-speed communication circuits
260 ## - PUBLICATION, DISTRIBUTION, ETC. (IMPRINT)
Place of publication New Jersey :
Name of publisher World Scientific,
Year of publication 2006.
300 ## - PHYSICAL DESCRIPTION
Number of Pages v, 222 p. :
Other physical details ill.
490 1# - SERIES STATEMENT
Series statement Selected topics in electronics and systems ;
650 #0 - SUBJECT ADDED ENTRY--TOPICAL TERM
Topical Term Electric circuits
Topical Term Electrical engineering.
700 1# - ADDED ENTRY--PERSONAL NAME
Personal name Harjani, Ramesh,
856 40 - ELECTRONIC LOCATION AND ACCESS
Uniform Resource Identifier http://site.ebrary.com/lib/rucke/Doc?id=10201414

No items available.

© 2026 Rongo University
Contact us: librarian | system librarian | Rongo university